000 00818nam a2200277 i 4500
001 C2-0340596
003 PPAK
005 20180728142457.0
008 170130s2015 xxka|||| ||||| | eng d
020 _a9781783701889
040 _aPPAK
_beng
_cPPAK
_erda
082 0 4 _a930.1
_223
090 0 0 _a930.1
_bNEL
_dRK
100 1 _aNelson, Jo,
_eauthor
245 1 0 _aHistorium
264 1 _aDorking, Surrey :
_bBig Picture Press ,
_c2015
300 _a95 pages :
_bcolour illustrations ;
_c38 cm
336 _2rdacontent
_atext
337 _2rdamedia
_aunmediated
338 _2rdacarrier
_avolume
490 1 _aWelcome to the museum.
500 _aIncludes index.
650 1 0 _aAntiquities - Juvenile literature. ; Museum exhibits - Juvenile literature.
830 0 _aWelcome to the museum.
942 _ddc
_cB
999 _c137740
_d137740